000 00263nam a22001217a 4500
008 181025b xxu||||| |||| 00| 0 eng d
041 _aeng
080 _22nd
_a530
100 _a43
101 _aFIZ
245 _aCollege Physics
_cFreedman,R.A
942 _2udc
_cBK
999 _c50904
_d50904